Thực hành vật lý đại cương Giáo trình cao đẳng sư phạm
Saved in:
| Main Author: | |
|---|---|
| Format: | Book |
| Published: |
Hà Nội
Đại học sư phạm
2004
|
| Subjects: | |
| Tags: |
Add Tag
No Tags, Be the first to tag this record!
|
| Institutions: | Trung tâm Học liệu Lê Vũ Hùng, Trường Đại học Đồng Tháp |
|---|
| LEADER | 00828pam a22002178a 4500 | ||
|---|---|---|---|
| 001 | 00042310 | ||
| 005 | 20180914090936.0 | ||
| 008 | 110519s2005 ||||||Viesd | ||
| 041 | 0 | # | |a Vie |
| 082 | 1 | # | |a 530.07 |b TH552H |
| 100 | 0 | # | |a Nguyễn, Duy Thắng |
| 245 | 0 | 0 | |a Thực hành vật lý đại cương |c Nguyễn Duy Thắng |b Giáo trình cao đẳng sư phạm |
| 260 | # | # | |a Hà Nội |b Đại học sư phạm |c 2004 |
| 300 | # | # | |a 331 tr. |c 24 cm. |
| 500 | # | # | |a Bộ giáo dục và đào tạo. Dự án đào tạo giáo viên trung học cơ sở |
| 650 | # | # | |a Giáo trình |
| 650 | # | # | |a Thí nghiệm vật lý |
| 653 | # | # | |a Vật lý |
| 852 | # | # | |j KGT.0054392 |
| 910 | |d 14/09/2018 | ||
| 980 | # | # | |a Trung tâm Học liệu Lê Vũ Hùng, Trường Đại học Đồng Tháp |